000 01169nam0a22002891 4500
001 rc\4827201
005 20130426140952.0
021 _aRU
_b[65-102876]
035 _a(NLR Aleph) 008886134
090 _a8612774
_c8612774
100 _a20130426d1965 |||y0rusy50 ca
101 0 _arus
102 _aRU
105 _aa z |||||
200 1 _aСистемы автоматической загрузки бункеров на бесконтактных элементах
_fМ-во цвет. металлургии СССР. Центр. науч.-исслед. ин-т информации и техн. экон. исследований цвет. металлургии
210 _aМосква
_cБ. и.
_d1965
215 _a27 с.
_cсхем.
_d21
225 1 _a[Автоматизация]
300 _aАвт. указаны на обороте тит. л.
606 _aБункера
_xЗагрузочные устройства, автоматические
_2psbo
700 1 _aШустов
_bГ. И.
701 1 _aПрасов
_bЕ. М.
801 0 _aRU
_bNLR
_gpsbo
801 1 _aRU
_bELAR
_2rusmarc
852 _aNLR
_j66-6/254
942 _cBOOK
980 _aNB